Javul a műemlékvédelem Szegeden. Intézkedések és tervek a város külső képének megjavítására
Elmentve itt :
| Dokumentumtípus: | Cikk |
|---|---|
| Megjelent: |
1959-04-11
|
| Sorozat: | Délmagyarország
|
| Kulcsszavak: | Műemlékvédelem Szeged 1959 |
| Online Access: | http://dmarchiv.bibl.u-szeged.hu/54333 |
| LEADER | 00478nab a2200145 i 4500 | ||
|---|---|---|---|
| 001 | delm54333 | ||
| 005 | 20180927141913.0 | ||
| 008 | 180927s1959 hu o 0|| hun d | ||
| 040 | |a SZTE Délmagyarország Archívum |b hun | ||
| 041 | |a hun | ||
| 245 | 0 | 0 | |a Javul a műemlékvédelem Szegeden. Intézkedések és tervek a város külső képének megjavítására |h [elektronikus dokumentum] |
| 260 | |c 1959-04-11 | ||
| 300 | |a 3 | ||
| 490 | 0 | |a Délmagyarország | |
| 695 | |a Műemlékvédelem Szeged 1959 | ||